quizz one piece - Statistiques

Statistiques générales
  • Ce quiz a été pris 572 fois
  • Le résultat moyen est 12 sur 14
Statistiques - réponses
Hint Réponse % Correct
Nom complet de Luffy ? Monkey D Luffy
99%
Nombre d'empereur (Yonko) ? 4
98%
Nombre de grands corsaires (Shichibukai) ? 7
98%
Nombre de personnes dans l'équipages de Luffy(mugiwara) ? 10
97%
Quel est le nom du bateau de Luffy ? Thousand Sunny
93%
Quel est le nom de la princesse de l'île d'Alabasta ? Nefertari Vivi
88%
Première prime de Luffy ? 30 000 000
87%
Quel est le nom du bateau précédent de l'équipage de Chapeau de Paille, avant le Thousand Sunny? Vogue merry
87%
Qui est le fabricant du bateau Thousand Sunny ? Franky
86%
Quel est le nom de big mom ? Charlotte Linlin
79%
Quel est le fruit du démon que Luffy a mangé ? Gomu Gomu no Mi
78%
Quelle est la prime actuelle de Monkey D. Luffy ? 3 000 000 0000
71%
Quel est le pays natal de Nico Robin ? Ohara
68%
Quel est le nom du royaume dirigé par la famille Vinsmoke ? Royaume de Germa
62%
Aucun quiz correspondant
Distribution des résultats
% des personnes avec chaque résultat
Percentile par nombre de réponses
Votre historique - résultats
Vous n’avez pas pris ce quiz